Name a Valid Number 1 Hit (USA) #2 - Statistics

General Stats
  • This quiz has been taken 367 times
  • The average score is 10 of 20
Answer Stats
Name a Number 1 song by... Answers % Correct
Katy Perry I Kissed a Girl | California Gurls | Teenage Dream | Firework | E.T. | Last Friday Night (T.G.I.F.) | Part of Me | Roar | Dark Horse
96%
Bruno Mars Nothin’ on You | Just the Way You Are | Grenade | Locked Out of Heaven | When I Was Your Man | UpTown Funk! | That’s What I Like
83%
Lady Gaga Just Dance | Poker Face | Born This Way | Shallow | Rain on Me
82%
Bee Gees How Can You Mend a Broken Heart? | Jive Talkin’ | You Should Be Dancing | How Deep Is Your Love | Stayin’ Alive | Night Fever | Too Much Heaven | Tragedy | Love You Inside Out
69%
Beyoncé (not counting Destiny’s Child) Crazy in Love | Baby Boy | Check on It | Irreplaceable | Single Ladies (Put a Ring on It) | Perfect Duet | Savage (Remix)
68%
Bon Jovi You Give Love a Bad Name | Livin’ on a Prayer | Bad Medicine | I’ll Be There for You
67%
Kanye West Slow Jamz | Gold Digger | Stronger | E.T.
62%
Coldplay Viva la Vida | My Universe
56%
Jay-Z Heartbreaker | Crazy in Love | Umbrella | Empire State of Mind
54%
Simon & Garfunkel The Sound of Silence | Mrs. Robinson | Bridge over Troubled Water
52%
Prince When Doves Cry | Let’s Go Crazy | Kiss | Batdance | Cream
44%
Britney Spears … Baby One More Time | Womanizer | 3 | Hold It Against Me | S&M (Remix)
43%
Fleetwood Mac Dreams
41%
Dire Straits Money for Nothing
37%
Guns n’ Roses Sweet Child o’ Mine
37%
Rod Stewart Reason to Believe/Maggie May | Tonight’s the Night (Gonna Be Alright) | Da Ya Think I’m Sexy? | All for Love
32%
Donna Summer MacArthur Park | Hot Stuff | Bad Girls | No More Tears (Enough Is Enough)
31%
Kenny Rogers Lady | Islands in the Stream
23%
Eric Clapton I Shot the Sheriff
15%
Neil Diamond Cracklin’ Rosie | Song Sung Blue | You Don’t Bring Me Flowers
13%
No matching quizzes found
Score Distribution
Percent of People with Each Score
Percentile by Number Answered
Your Score History
You have not taken this quiz